000 00426nam a2200157Ia 4500
008 210716s2003 xx 000 0 und d
020 _a8178665913
041 _aeng
082 _a332.64 AVAV
100 _aAvadhani, V A.
245 _aSecurities analysis and portfolio management.
250 _a3
260 _aMumbai
_bHimalaya Publishing House
_c2003
300 _a491/2016
650 _aInvestment-Capital Market(332.6)
999 _c210184
_d210184